| 000 | 00809nam a2200205 a 4500 | ||
|---|---|---|---|
| 003 | 0 | ||
| 005 | 20250429131741.0 | ||
| 008 | 970114s19uu xx 00 eng d | ||
| 050 |
_aPGS TX 546 _b.B186 2003 |
||
| 100 | _aBalibalos, Rain Aga P. | ||
| 245 |
_aSelected natural fruit juices as alternative drinks to carbonated drinks in Southville International School and Colleges (SISC) / _cRain Aga P. Balibalos. |
||
| 260 |
_aLas PiƱas City, Philippines : _bSouthville International School and Colleges, _c2003. |
||
| 300 |
_a51 pages : _billustrations ; _c28 cm. |
||
| 504 | _aIncludes bibliographical references. | ||
| 650 |
_aFruit juices _vHealth aspects. |
||
| 650 |
_aSoft drinks _vHealth aspects. |
||
| 650 |
_aStudents _vNutrition. |
||
| 650 |
_aBeverages _vNutritional aspects. |
||
| 942 |
_2lcc _cPASS |
||
| 999 |
_c96834 _d96834 |
||